00475 2200193 4500001002100000005001500021035002000036008004100056245005100097100001400148250000600162260004200168300001100210084001400221082000800235650001400243990001200257990001200269INLIS00000000000033220240503082605 a0010-0424000308240503 0 ind 1 aUsaha Kreatif Dari Kayu Dan Bambu /cMustriana aMustriana a1 aMataram :bCaraka Darma Aksara,c2011 a60 hlm a600 MUS u a600 4aNon Fiksi a0728734 a0728735